O zemi a svobodě ruské písně a tance pro klavír v snadném slohu /

Hlavní autor: Řáha, Josef, 1902-1972
Jazyk: Nelze použít, není lingvistický obsah
Vydáno: Praha : Orbis, 1950
Vydání: 1. vyd.
Fyzický popis: 17 s.
Hudebniny Hudebniny
Uloženo v:
LEADER 00837ncm a22002292a 4500
001 001137205
003 CZ BrMZK
005 20130118132754.0
007 qu
008 110131s1950 xr |||||||||||||||||zxx d
040 |a BOA001  |b cze 
072 7 |a 786  |x Hudba pro klávesové nástroje  |2 Konspekt  |9 9 
100 1 |a Řáha, Josef,  |d 1902-1972  |7 xx0030621  |4 adp 
245 1 0 |a O zemi a svobodě  |h [hudebnina] :  |b ruské písně a tance pro klavír v snadném slohu /  |c Josef Řáha 
250 |a 1. vyd. 
260 |a Praha :  |b Orbis,  |c 1950 
300 |a 17 s. 
910 |a BOA001  |b Mus4-0256.775  |b Mus4-0483.146 
990 |a MU 
991 |b 201101 
996 7 |b 2619076399  |c Mus4-0483.146  |l MZK  |r Sklad / do 1 hodiny  |n 0  |w 001167623  |u 000020  |a 1  |e BOA001  |j MZK50  |s A 
996 7 |b 2619510071  |c Mus4-0256.775  |l MZK  |r Sklad / do 1 hodiny  |n 0  |w 001167623  |u 000010  |a 1  |e BOA001  |j MZK50  |s A